00433 a2200169 450000100060000002000060000604000220001210000200003424000180005424500130007230000080008536200090009365000260010294200070012895201110013599900170024659085 a  cAnchieta - Pituba aÉlis, Bernado10aO troncolpor10aO tronco a2560 a1967 4aFicção brasileira cBK 00104070a91.1b91.1d2023-11-21l0o869.93 E43t ELI TROp10031/PITr2023-11-21 18:27:00w2023-11-21yBK c59085d59085